Domingo de ramos / por Fernando Gómez Catón
Publicado:
San Jorge, núm. 77 (1r trimestre 1970), pàg 28 - 32 :
MARC
| LEADER | 00000nam a2200000Ia 4500 | ||
|---|---|---|---|
| 001 | |||
| 008 | 160829s9999 xx 000 0 cat d | ||
| 100 | |a Gómez Catón, Fernando |9 29715 | ||
| 245 | |a Domingo de ramos / por Fernando Gómez Catón | ||
| 260 | |a San Jorge, núm. 77 (1r trimestre 1970), pàg 28 - 32 | ||
| 650 | |a Diumenge de Rams |9 40651 | ||
| 650 | 0 | |a Usos i costums |9 33824 | |
| 901 | |a Arxiu | ||
| 942 | |n 1 | ||
| 952 | |0 0 |1 0 |4 0 |7 1 |9 49833 |a Arxiu |b Arxiu |d 2016-12-01 |l 0 |r 2016-12-01 00:00:00 |w 2016-12-01 |y ARXIU | ||
| 999 | |c 53675 |d 53675 | ||